000 00429nam a22001817a 4500
003 koha_MIRAKIL
005 20231213065339.0
008 231213b |||||||| |||| 00| 0 ||| d
020 _b9-75437240-3
040 _aTR-IsEVY
_btur
_cTR-IsEVY
082 _a810 ENÇ/B
100 _aENÇ, MİTAT.
245 0 _aBİTMEYEN GECE.
260 _bÖTÜKEN,
_c2010
300 _a342.
650 _aTürk Edebiyatı.
942 _2ddc
_cBK
999 _c2127
_d2127